000 00518nam a22002177a 4500
003 UA-OsUOA
001 118563
007 ta
008 20160912b un ||||| |||| 00| 0 ukr d
100 _aБершеда Є.
090 _a32
_bБ52
942 _cSA
040 _aUA-OsUOA
_bukr
_cUA-OsUOA
_dUA-OsUOA
245 _aЕкономіка та зовнішня політика Росії
300 _aС.6
955 _a0
041 _aukr
080 _a32
773 0 _w118562
650 7 _a32 Політика
_2UDC
999 _c404641
_d404641